Zgadnij dzielnice Kielc po ulicach - Statystyki

Ogólne statystyki
  • Ten quiz został rozwiązany 64 razy
  • Średni wynik to 25 z 52
Statystyki odpowiedzi
Hint Odpowiedź % Poprawnych
Massalskiego, Kazimierza Wielkiego,aleja Szajnowicza-Iwanowa Ślichowice
84%
Malików, Kolejarzy, aleja Szajnowicza-Iwanowa Malików
72%
Sienkiewicza, Kapitulna, Mała Centrum
70%
Łódzka, Strycharska, Wróbla Herby
70%
Jesionowa, Warszawska, Pocieszka Sady
68%
Młoda, Kolberga, Piekoszowska Czarnów
66%
Wrzosowa, aleja Księdza Jerzego Popiełuszki, Ściegiennego Barwinek
64%
Kryształowa, Podklasztorna, Kryształowa Podkarczówka
64%
Fabryczna, Skibińskiego, Za Walcownią Białogon
62%
Witosa, Stare Sieje, Sieje Sieje
62%
Marszałkowska, Warszawska, Jesionowa Szydłówek
60%
Husarska, Jana III Sobieskiego, Chodkiewicza Baranówek
58%
Orląt Lwowskich, Generała Władysława Sikorskiego, Jana Nowaka-Jeziorańskiego Na Stoku
56%
Morcinka, Wydryńska, Powstania Styczniowego Nowy Folwark
54%
Pakosz, Krakowska, Rzeczna Pakosz
54%
Olszewskiego, Malskiej, Krzyżanowskiej Słoneczne Wzgórze
54%
aleja Solidarności, Konopnickiej, Świętokrzyska Bocianek
52%
Wojska Polskiego, Klecka, Berberysowa Bukówka
52%
Podklasztorna, Bernardyńska, Jana Kamińskiego Karczówka
52%
Zagnańska, Witosa, Peryferyjna Piaski
52%
Prosta, Zagórska, Prochownia Zagórze
52%
Witosa, Radomska, Pilotów Dąbrowa
50%
Batalionów Chłopskich, Kongresowa, Łódzka Niewachlów I
48%
Kruszelnickiego, Miedziana, Wystawowa Niewachlów II
48%
Łopuszniańska, Zalesie, Browarna Zalesie
48%
Dobromyśl, Janowska, Grobla Dobromyśl
46%
Jana Nowaka-Jeziorańskiego, Marszałka Józefa Piłsudskiego, Mieczysława Jaworskiego Osiedle Świętokrzyskie
46%
Cmentarna, Sandomierska, Cedro Mazur Cedro Mazur
44%
Jagiellońska, Grunwaldzka, Mielczarskiego Osiedle Jagiellońskie
44%
Meissnera, Szajnowicza-Iwanowa, Piekoszowska Pod Dalnią
44%
Hubalczyków, Łódzka, Olszewskiego Skrzetle
44%
Warszawska, Klonowa, Orkana Uroczysko
44%
Tarnowska, Wojska Polskiego, Prosta Wietrznia
42%
Monte Cassino, Wojska Polskiego, Łopianowska Ostra Górka
40%
Brzozowa, Pod Telegrafem, Cedrowa Pod Telegrafem
40%
Karczówkowska, Chęcińska, Biskupa Czesława Kaczmarka Osiedle Chęcińskie
38%
Pietraszki, Młyńska, Bobrowa Pietraszki
38%
Folwark, Sukowskiej, Kielecka Dyminy
36%
Łódzka, Lubiczna, Przęsłowa Łazy
36%
Nastole, Charsznicka, Zagrabowicka Posłowice
34%
Zalesie, Krakowska, Garbarska Słowik
34%
Leszczyńska, Dobrzyńska, Wojska Polskiego Wielkopole
34%
Kochanowskiego, Wapiennikowa, Strasza Osiedle Jana Kochanowskiego
32%
Warszawska, Orkana, Jeleniowska Osiedle Związkowiec
32%
Charsznicka, Chorzowska, Leonów Sitkówka
32%
Pomorska, Szczecińska, Zagórska Zagórska Północ
32%
Wikaryjska, Domaszowice, Prochownia Domaszowice Wikaryjskie
30%
Zagórska, Szczecińska, Bohaterów Warszawy Zagórska Południe
30%
Głęboczka, Niewachlowska, Traugutta Głęboczka
28%
Buska, Iłżecka, Jędrzejowska Kawetczyzna
28%
Leszczyńska, Poleska, Sandomierska Osiedle Sandomierskie
28%
Tarnowska, Żeromskiego, Seminaryjska Osiedle Jana Czarnockiego
24%
Nie znaleziono quizów pasujących do podanych kryteriów
Rozkład punktacji
Procent ludzi z każdym wynikiem
Percentyl według liczby udzielonych odpowiedzi
Twoja historia wyników
Nie rozwiązałeś tego quizu